[Event "Chess Olympiad"]
[Site "Batumi GEO"]
[Date "2018.10.03"]
[EventDate "2018.09.24"]
[Round "9.4"]
[Result "1-0"]
[White "Liviu-Dieter Nisipeanu"]
[Black "Vachier-Lagrave, Maxime"]
[WhiteElo "2661"]
[BlackElo "2780"]
[PlyCount "112"]

1. e4 c5 2. Nf3 d6 3. d4 cxd4 4. Nxd4 Nf6 5. Nc3 a6 6. Be3 Ng4 7. Bg5 h6 8. Bc1
Nf6 9. Bc4 e6 10. Bb3 Be7 11. Be3 Nc6 12. Nxc6 bxc6 13. Qf3 Qc7 14. Qg3 Bb7 15.
O-O-O g5 16. h4 gxh4 17. Rxh4 O-O-O 18. Rxh6 Rxh6 19. Bxh6 c5 20. e5 dxe5 21.
Rxd8+ Bxd8 22. Bc4 Nd5 23. Bd2 Kb8 24. Qg8 Ka7 25. Na4 Qe7 26. b3 Nb6 27. Nxb6
Bxb6 28. Qg7 e4 29. g4 Bd5 30. g5 Qb7 31. Be3 Bxc4 32. bxc4 a5 33. a4 Qc7 34.
Qh7 Qb7 35. Kd1 Qd7+ 36. Ke1 Qxa4 37. Qxf7+ Ka6 38. Qxe6 Qxc2 39. Qc8+ Ka7 40.
Qd7+ Ka6 41. Qd5 Ka7 42. g6 a4 43. Kf1 a3 44. g7 a2 45. g8=Q Qd3+ 46. Kg2 Qxd5
47. Qxd5 a1=Q 48. Qd7+ Ka6 49. Bxc5 Bxc5 50. Qb5+ Ka7 51. Qxc5+ Kb7 52. Qd5+ Kb6
53. Qxe4 Qg7+ 54. Kf3 Qf6+ 55. Qf4 Qc6+ 56. Ke3 1-0

[Event "Chess Olympiad"]
[Site "Batumi GEO"]
[Date "2018.10.04"]
[EventDate "2018.09.24"]
[Round "10.4"]
[Result "1/2-1/2"]
[White "Vachier-Lagrave, Maxime"]
[Black "Ivan Saric"]
[WhiteElo "2780"]
[BlackElo "2689"]
[PlyCount "62"]

1. e4 c5 2. Nf3 d6 3. Bb5+ Nd7 4. Ba4 Nf6 5. O-O a6 6. c4 g6 7. Nc3 Bg7 8. h3
O-O 9. Re1 b6 10. d4 cxd4 11. Nxd4 Bb7 12. Nc6 Bxc6 13. Bxc6 Rb8 14. Qe2 Ne5 15.
Ba4 Nxc4 16. Qxc4 b5 17. Bxb5 axb5 18. Nxb5 Qa5 19. Nc3 Nd7 20. Qe2 Bxc3 21.
bxc3 Qxc3 22. Bd2 Qa3 23. Qe3 Qxe3 24. Rxe3 Rb2 25. Bc3 Rc2 26. a4 Ra8 27. a5 f6
28. Be1 Nc5 29. Kf1 Kf7 30. f3 Ra6 31. Re2 1/2-1/2

[Event "Chess Olympiad"]
[Site "Batumi GEO"]
[Date "2018.10.05"]
[EventDate "2018.09.24"]
[Round "11.2"]
[Result "1/2-1/2"]
[White "Maxime Vachier-Lagrave"]
[Black "Sergey Karjakin"]
[WhiteElo "2780"]
[BlackElo "2760"]
[PlyCount "64"]

1. e4 e5 2. Nf3 Nc6 3. Bb5 Nf6 4. O-O Nxe4 5. d4 Nd6 6. Bxc6
dxc6 7. dxe5 Nf5 8. Qxd8+ Kxd8 9. h3 Be7 10. Nc3 Nh4 11. Nxh4
Bxh4 12. Be3 h5 13. Ne2 Be7 14. f4 f5 15. exf6 gxf6 16. Rad1+
Ke8 17. f5 Kf7 18. Rd2 a5 19. a4 h4 20. Kh2 Rh5 21. g4 hxg3+
22. Nxg3 Rh4 23. Rf4 Rxf4 24. Bxf4 b5 25. axb5 cxb5 26. Bxc7
a4 27. c3 a3 28. bxa3 Rxa3 29. Rc2 Ra4 30. Rd2 Ra3 31. Rc2 Ra4
32. Rd2 Ra3 1/2-1/2

[Event "Shenzhen Masters"]
[Site "Shenzhen CHN"]
[Date "2018.11.04"]
[EventDate "2018.11.04"]
[Round "1.3"]
[Result "1/2-1/2"]
[White "Nikita Vitiugov"]
[Black "Maxime Vachier-Lagrave"]
[WhiteElo "2709"]
[BlackElo "2778"]
[PlyCount "60"]

1. d4 Nf6 2. c4 g6 3. Nc3 d5 4. Nf3 Bg7 5. Bf4 O-O 6. Rc1 Be6
7. e3 dxc4 8. Ng5 Bd5 9. e4 h6 10. exd5 hxg5 11. Bxg5 Nxd5
12. Bxc4 Nb6 13. Bb3 Nc6 14. d5 Nd4 15. O-O Qd7 16. h4 Rfe8
17. a3 Nxb3 18. Qxb3 Rad8 19. Rfe1 Nxd5 20. Nxd5 Qxd5 21. Qxd5
Rxd5 22. Rxc7 Bxb2 23. Rxb7 Bxa3 24. Rxa7 Bb4 25. Re2 Rd1+
26. Kh2 Re1 27. Rxe1 Bxe1 28. Rxe7 Rxe7 29. Bxe7 Bxf2 30. Bf6
Kh7 1/2-1/2

[Event "Shenzhen Masters"]
[Site "Shenzhen CHN"]
[Date "2018.11.05"]
[EventDate "2018.11.04"]
[Round "2.3"]
[Result "1/2-1/2"]
[White "Ding Liren"]
[Black "Maxime Vachier-Lagrave"]
[WhiteElo "2816"]
[BlackElo "2778"]
[PlyCount "121"]

1. c4 c5 2. g3 g6 3. Bg2 Bg7 4. Nc3 Nc6 5. Rb1 Nf6 6. a3 e6
7. b4 d5 8. bxc5 O-O 9. Nf3 Ne4 10. Bb2 Nxc3 11. Bxc3 Bxc3
12. dxc3 Qa5 13. cxd5 exd5 14. O-O Qxc5 15. a4 Rd8 16. Qd2 d4
17. cxd4 Nxd4 18. Nxd4 Qxd4 19. Qxd4 Rxd4 20. Bxb7 Bxb7
21. Rxb7 Rxa4 22. Rc1 Ra6 23. Rcc7 Rf6 24. Rxa7 Rxa7 25. Rxa7
h5 26. Kg2 Re6 27. e3 Re5 28. h3 Kg7 29. Ra3 Rb5 30. h4 Rb4
31. Kf3 Rb5 32. Ra4 Rf5+ 33. Ke2 Rb5 34. Rd4 Rb2+ 35. Kf3 Rb3
36. Kf4 Rb2 37. f3 Rb6 38. e4 Rb3 39. Rd5 Ra3 40. g4 hxg4
41. Kxg4 Ra1 42. h5 gxh5+ 43. Rxh5 f6 44. Rd5 Kg6 45. Rd6 Ra4
46. Kf4 Rb4 47. Ke3 Rb3+ 48. Rd3 Rb1 49. f4 Re1+ 50. Kd4 Rf1
51. f5+ Kf7 52. Ra3 Rd1+ 53. Ke3 Re1+ 54. Kf3 Rf1+ 55. Ke2 Rb1
56. Ra7+ Kf8 57. Kd3 Rd1+ 58. Kc4 Rd2 59. Kc5 Rd1 60. Rb7 Ke8
61. Ra7 1/2-1/2

[Event "Shenzhen Masters"]
[Site "Shenzhen CHN"]
[Date "2018.11.06"]
[EventDate "2018.11.04"]
[Round "3.1"]
[Result "1/2-1/2"]
[White "Maxime Vachier-Lagrave"]
[Black "Radoslaw Wojtaszek"]
[WhiteElo "2778"]
[BlackElo "2749"]
[PlyCount "146"]

1. e4 c5 2. Nf3 d6 3. d4 cxd4 4. Nxd4 Nf6 5. Nc3 a6 6. g3 e5
7. Nde2 Be7 8. Bg2 O-O 9. O-O b5 10. Nd5 Nbd7 11. Nec3 Nb6
12. Nxf6+ Bxf6 13. b3 Be6 14. Ba3 Qc7 15. Qd3 Rfc8 16. Bb4 a5
17. Nxb5 Qxc2 18. Qxc2 Rxc2 19. Bxd6 Nc8 20. Rfc1 Rxc1+
21. Rxc1 Nxd6 22. Nxd6 a4 23. Nc4 Rb8 24. Rc3 axb3 25. axb3
Be7 26. Bf1 g6 27. Rc1 Rxb3 28. Nxe5 Bf6 29. Nd3 Bd4 30. Be2
Rc3 31. Rb1 g5 32. Ne1 h6 33. Kg2 Rb3 34. Rd1 Bb6 35. Nd3 Ra3
36. Rb1 Ba7 37. Nb4 Rb3 38. Rxb3 Bxb3 39. Bg4 Kg7 40. h4 Bd4
41. Nc6 Bc5 42. Bf5 Kf6 43. f4 Be3 44. fxg5+ hxg5 45. h5 Kg7
46. g4 Bc4 47. Kf3 Bc1 48. Ne5 Bb5 49. Kf2 Bf4 50. Nf3 Bd3
51. Ke1 Be3 52. Kd1 Bf4 53. Ne1 Bb1 54. Ke2 Kh6 55. Nf3 Kg7
56. Nd4 Be5 57. Nc6 Bf4 58. Nb4 Kh6 59. Nd5 Bc2 60. Nc3 Kg7
61. Nb5 Bc1 62. Nd4 Bb1 63. Kf3 Bd3 64. Bd7 Ba6 65. Nf5+ Kf8
66. Bc6 Bf4 67. Bd5 Bc8 68. Nd4 Kg7 69. h6+ Kxh6 70. Bxf7 Kg7
71. Be6 Ba6 72. Bd5 Kf6 73. Ne6 Bd6 1/2-1/2

[Event "Shenzhen Masters"]
[Site "Shenzhen CHN"]
[Date "2018.11.07"]
[EventDate "2018.11.04"]
[Round "4.2"]
[Result "1/2-1/2"]
[White "Maxime Vachier-Lagrave"]
[Black "Yu Yangyi"]
[WhiteElo "2778"]
[BlackElo "2764"]
[PlyCount "71"]

1. e4 e5 2. Nf3 Nf6 3. Nxe5 d6 4. Nf3 Nxe4 5. Nc3 Nxc3 6. dxc3
Be7 7. Be3 Nc6 8. Qd2 Be6 9. O-O-O Qd7 10. Kb1 Bf6 11. h4
O-O-O 12. Bg5 Qe7 13. Qf4 h6 14. Bxf6 Qxf6 15. Qxf6 gxf6
16. Nd4 Ne5 17. f3 Rhg8 18. Ne2 Ng6 19. h5 Ne7 20. Nf4 Rg5
21. Re1 Nd5 22. Nd3 f5 23. c4 Nf6 24. Nf4 Re8 25. Kc1 Bd7
26. Rxe8+ Nxe8 27. Kd2 Ng7 28. Ke3 Ne6 29. Rh2 Kd8 30. Bd3
Nxf4 31. Kxf4 Ke7 32. g3 Kf6 33. Rh1 a5 34. a3 Rg8 35. Re1 b6
36. b3 1/2-1/2

[Event "Shenzhen Masters"]
[Site "Shenzhen CHN"]
[Date "2018.11.08"]
[EventDate "2018.11.04"]
[Round "5.1"]
[Result "1/2-1/2"]
[White "Anish Giri"]
[Black "Maxime Vachier-Lagrave"]
[WhiteElo "2780"]
[BlackElo "2778"]
[PlyCount "61"]

1. Nf3 c5 2. c4 Nf6 3. Nc3 d5 4. cxd5 Nxd5 5. e3 Nxc3 6. dxc3
Qc7 7. e4 Nc6 8. Be3 e6 9. Nd2 Bd6 10. Nc4 Be7 11. Qg4 O-O
12. Qg3 Qxg3 13. hxg3 b5 14. Nd2 Rb8 15. Be2 Rd8 16. f4 f6
17. O-O-O c4 18. Nf3 Rxd1+ 19. Rxd1 Bb7 20. g4 Rd8 21. Rxd8+
Bxd8 22. g5 fxg5 23. Nxg5 Bxg5 24. fxg5 a6 25. Kd2 Ne5 26. Bf4
Nf7 27. Ke3 e5 28. Bg3 Bc8 29. b4 g6 30. a4 Kf8 31. a5 1/2-1/2

[Event "Shenzhen Masters"]
[Site "Shenzhen CHN"]
[Date "2018.11.10"]
[EventDate "2018.11.04"]
[Round "6.2"]
[Result "1/2-1/2"]
[White "Maxime Vachier-Lagrave"]
[Black "Nikita Vitiugov"]
[WhiteElo "2778"]
[BlackElo "2709"]
[PlyCount "67"]

1. c4 e6 2. Nc3 d5 3. d4 Nf6 4. cxd5 exd5 5. Bg5 c6 6. e3 Bf5
7. Qf3 Bg6 8. Bxf6 Qxf6 9. Qxf6 gxf6 10. Nf3 Nd7 11. Nh4 Be7
12. Ne2 f5 13. g3 Bxh4 14. gxh4 Nf6 15. Bh3 Nh5 16. b4 Ke7
17. Kd2 a6 18. a4 Kd6 19. Ra3 Rhe8 20. Rha1 h6 21. b5 axb5
22. axb5 Rxa3 23. Rxa3 f4 24. exf4 cxb5 25. Rb3 Nf6 26. f3 Ra8
27. Nc3 Ra1 28. Ke3 Re1+ 29. Kf2 Rc1 30. Nxb5+ Kc6 31. Na7+
Kc7 32. Nb5+ Kc6 33. Na7+ Kc7 34. Nb5+ 1/2-1/2

[Event "Shenzhen Masters"]
[Site "Shenzhen CHN"]
[Date "2018.11.11"]
[EventDate "2018.11.04"]
[Round "7.2"]
[Result "1-0"]
[White "Maxime Vachier-Lagrave"]
[Black "Ding Liren"]
[WhiteElo "2778"]
[BlackElo "2816"]
[PlyCount "115"]

1. e4 e5 2. Nf3 Nc6 3. Bc4 Nf6 4. d3 Bc5 5. O-O O-O 6. Re1 d6
7. c3 a5 8. Bg5 h6 9. Bh4 g5 10. Bg3 Ba7 11. Na3 Nh7 12. Nd2
g4 13. Nb5 Bb6 14. Bb3 a4 15. Bc2 h5 16. h4 d5 17. d4 dxe4
18. dxe5 Ra5 19. c4 e3 20. fxe3 Nb4 21. a3 Nd3 22. b4 axb3
23. Nxb3 Nxe1 24. Qxe1 Ra6 25. c5 Ba7 26. Qb1 f5 27. exf6 Nxf6
28. Nxa7 Rxa7 29. Nd4 Qe7 30. Bf4 Qxc5 31. Bb3+ Kg7 32. Be6
Ra4 33. Qd3 Ra6 34. Bxc8 Rxc8 35. Qxa6 Qxd4 36. Qf1 Qe4
37. Rd1 c5 38. Rd6 Qe7 39. Qa1 Kf7 40. Be5 Ne4 41. Rh6 Qxh4
42. Qf1+ Ke7 43. Rh7+ Ke6 44. Bc7 Rxc7 45. Rxc7 Nd6 46. Rxc5
b6 47. Rc6 g3 48. Qf3 Qh2+ 49. Kf1 Qh1+ 50. Ke2 Qb1 51. Qxh5
Qa2+ 52. Kf3 Kd7 53. Rxb6 Qf2+ 54. Kg4 Qe2+ 55. Kh4 Qxg2
56. Qh7+ Kc8 57. Qg8+ Kd7 58. Rxd6+ 1-0

[Event "Shenzhen Masters"]
[Site "Shenzhen CHN"]
[Date "2018.11.12"]
[EventDate "2018.11.04"]
[Round "8.3"]
[Result "1/2-1/2"]
[White "Radoslaw Wojtaszek"]
[Black "Maxime Vachier-Lagrave"]
[WhiteElo "2749"]
[BlackElo "2778"]
[PlyCount "60"]

1. d4 Nf6 2. c4 g6 3. Nf3 Bg7 4. g3 c6 5. Nc3 d5 6. cxd5 cxd5
7. Ne5 Nfd7 8. f4 Nf6 9. Bg2 O-O 10. O-O Nc6 11. e3 Be6
12. Bd2 Rc8 13. Rc1 h5 14. Qb3 Ne4 15. Nxe4 dxe4 16. Nxc6 Rxc6
17. Qxb7 Rb6 18. Qxe4 Rxb2 19. Bc3 Rxa2 20. d5 Bxc3 21. dxe6
f5 22. Qd5 Qxd5 23. Bxd5 Rd2 24. Rxc3 Rxd5 25. Rc7 Re8
26. Rxa7 Rd6 27. Rfa1 Rxe6 28. Ra8 Rxa8 29. Rxa8+ Kf7 30. Kf2
Rb6 1/2-1/2

[Event "Shenzhen Masters"]
[Site "Shenzhen CHN"]
[Date "2018.11.13"]
[EventDate "2018.11.04"]
[Round "9.1"]
[Result "1/2-1/2"]
[White "Maxime Vachier-Lagrave"]
[Black "Anish Giri"]
[WhiteElo "2778"]
[BlackElo "2780"]
[PlyCount "119"]

1. d4 Nf6 2. Bf4 d5 3. e3 e6 4. Nd2 Bd6 5. Bg3 O-O 6. Ngf3 b6
7. Ne5 c5 8. c3 Qc7 9. Bd3 Ba6 10. Bxa6 Nxa6 11. Rc1 Rac8
12. O-O Nb8 13. c4 cxd4 14. exd4 Qb7 15. Qf3 Nc6 16. Nxc6 Bxg3
17. Ne5 Bxe5 18. dxe5 Ne4 19. Nxe4 dxe4 20. Qe3 Qa6 21. Qxe4
Qxa2 22. Qc2 Qa5 23. Ra1 Qxe5 24. Rxa7 Qc5 25. Rc1 b5 26. Ra3
bxc4 27. Rc3 Qd4 28. Qe2 Rb8 29. g3 g6 30. Qxc4 Qxc4 31. Rxc4
Rxb2 32. h4 Rbb8 33. Rc7 h5 34. Kg2 Kg7 35. R1c3 Ra8 36. R3c4
e5 37. Rc3 Rae8 38. Kf3 Kf6 39. Ke4 Re6 40. R7c6 Re8 41. Rxe6+
Rxe6 42. f4 exf4+ 43. Kxf4 Ra6 44. Kf3 Ra5 45. Rb3 Kf5 46. Rc3
f6 47. Rb3 Rc5 48. Ra3 Ke5 49. Rd3 Rc4 50. Ra3 Rd4 51. Ra5+
Rd5 52. Ra3 Rc5 53. Rd3 g5 54. Re3+ Kd5 55. hxg5 fxg5 56. Re8
Rc3+ 57. Kf2 Rc2+ 58. Kf3 Kd4 59. Re4+ Kd5 60. Re8 1/2-1/2

[Event "Shenzhen Masters"]
[Site "Shenzhen CHN"]
[Date "2018.11.14"]
[EventDate "2018.11.04"]
[Round "10.2"]
[Result "1/2-1/2"]
[White "Yu Yangyi"]
[Black "Maxime Vachier-Lagrave"]
[WhiteElo "2764"]
[BlackElo "2778"]
[PlyCount "115"]

1. e4 c5 2. Nc3 d6 3. Nge2 Nf6 4. g3 g6 5. Bg2 Bg7 6. O-O O-O
7. d3 Nc6 8. Bg5 Rb8 9. Qd2 b5 10. Bh6 b4 11. Nd1 Bxh6
12. Qxh6 e6 13. a3 d5 14. exd5 exd5 15. axb4 Rxb4 16. Qd2 Bg4
17. c3 Rb6 18. Ne3 Bxe2 19. Qxe2 Qd6 20. Ra2 Rfb8 21. f4 h5
22. Qd2 a6 23. f5 Ne7 24. fxg6 fxg6 25. Qc1 Qe6 26. Re1 Qf7
27. b4 cxb4 28. cxb4 Rxb4 29. Rxa6 d4 30. Nc4 Ng4 31. Qd2 Rb1
32. Ra1 Rxa1 33. Rxa1 Nf5 34. Qg5 Rf8 35. Rf1 Qf6 36. Qxf6
Rxf6 37. Be4 Kg7 38. Bxf5 Rxf5 39. Rxf5 gxf5 40. Kg2 Kf6
41. h3 Nh6 42. Na5 Nf7 43. Nc6 Kg6 44. Ne7+ Kh7 45. Nd5 Ne5
46. Nf4 h4 47. gxh4 Kg7 48. Kf1 Kh6 49. Ke2 Nc6 50. Kd2 Ne5
51. Kd1 Nf3 52. Ke2 Ne5 53. Kf2 Kh7 54. Kf1 Kh6 55. Ke1 Nf3+
56. Ke2 Ne5 57. Kd1 Nf3 58. Ke2 1/2-1/2

[Event "London Chess Classic GCT Finals"]
[Site "London ENG"]
[Date "2018.12.11"]
[EventDate "2018.12.11"]
[Round "1.1"]
[Result "1/2-1/2"]
[White "Maxime Vachier-Lagrave"]
[Black "Levon Aronian"]
[WhiteElo "2781"]
[BlackElo "2765"]
[PlyCount "147"]

1. e4 e5 2. Nf3 Nc6 3. Bb5 a6 4. Ba4 Nf6 5. O-O Be7 6. Re1 b5
7. Bb3 O-O 8. a4 b4 9. a5 d6 10. d3 Be6 11. Bxe6 fxe6 12. Nbd2
Qb8 13. Nb3 Nd8 14. d4 exd4 15. Qxd4 c5 16. Qc4 Nd7 17. Be3
Bf6 18. Ra2 Re8 19. Nbd2 Nf7 20. Qb3 Qb5 21. Rd1 Nde5 22. Nxe5
Nxe5 23. Qa4 Qxa4 24. Rxa4 Rac8 25. h3 g5 26. c3 d5 27. exd5
exd5 28. cxb4 Nd3 29. Bxc5 Nxb2 30. Raa1 Nxd1 31. Rxd1 Bc3
32. Nf3 d4 33. Nxg5 Rb8 34. Nf3 Bxb4 35. Bb6 Re4 36. Nxd4 Re1+
37. Rxe1 Bxe1 38. Ne6 Re8 39. Nc5 Rc8 40. Nxa6 Bxa5 41. Bxa5
Ra8 42. Bd2 Rxa6 43. g4 Kf7 44. Kg2 Kg6 45. Be3 h5 46. f4 hxg4
47. hxg4 Rf6 48. Kf3 Rf7 49. Bc5 Rf6 50. Bb4 Rf7 51. Ke4 Rb7
52. Bc5 Rb3 53. Be3 Rb4+ 54. Ke5 Kf7 55. Kf5 Rb5+ 56. Ke4 Kf6
57. Bd2 Rc5 58. Be1 Rc4+ 59. Kf3 Rc5 60. Bh4+ Kg6 61. Be7 Ra5
62. Kg3 Kf7 63. Bd6 Kg6 64. Kh4 Ra1 65. Bc5 Rd1 66. f5+ Kf6
67. Be3 Rh1+ 68. Kg3 Rb1 69. Bc5 Rb5 70. Bd4+ Kg5 71. Be3+ Kf6
72. Bd4+ Kg5 73. Be3+ Kf6 74. Bd4+ 1/2-1/2

[Event "London Chess Classic GCT Finals"]
[Site "London ENG"]
[Date "2018.12.13"]
[EventDate "2018.12.11"]
[Round "1.3"]
[Result "1/2-1/2"]
[White "Levon Aronian"]
[Black "Maxime Vachier-Lagrave"]
[WhiteElo "2765"]
[BlackElo "2781"]
[PlyCount "94"]

1. Nf3 c5 2. c4 Nf6 3. Nc3 d5 4. cxd5 Nxd5 5. e3 Nxc3 6. bxc3
g6 7. Bb5+ Bd7 8. Be2 Bg7 9. O-O O-O 10. d4 Nc6 11. Rb1 Qc7
12. e4 Bg4 13. d5 Ne5 14. c4 b6 15. Nxe5 Bxe2 16. Qxe2 Bxe5
17. f4 Bd4+ 18. Kh1 e6 19. e5 exd5 20. cxd5 Qd7 21. Qc4 Rad8
22. d6 Rfe8 23. Bb2 Bxb2 24. Rxb2 Qe6 25. Qa4 Qd7 26. Qa6 f6
27. Re2 Re6 28. a4 Qf7 29. Rd2 fxe5 30. fxe5 Qg7 31. d7 Rxe5
32. Qxa7 Qf6 33. Kg1 Qc6 34. Rb1 Re7 35. Qxb6 Qxb6 36. Rxb6
Rexd7 37. Rxd7 Rxd7 38. a5 c4 39. a6 c3 40. Rc6 Ra7 41. h3 c2
42. Rxc2 Rxa6 43. Kh2 Ra7 44. Rc1 Kg7 45. Rc2 Kg8 46. Rc1 Kg7
47. Rc2 Kg8 1/2-1/2

[Event "London Chess Classic GCT Finals"]
[Site "London ENG"]
[Date "2018.12.13"]
[EventDate "2018.12.11"]
[Round "1.4"]
[Result "1-0"]
[White "Maxime Vachier-Lagrave"]
[Black "Levon Aronian"]
[WhiteElo "2781"]
[BlackElo "2765"]
[PlyCount "97"]

1. e4 e5 2. Nf3 Nc6 3. Bb5 Nf6 4. O-O Nxe4 5. d4 Nd6 6. Bxc6
dxc6 7. dxe5 Nf5 8. Qxd8+ Kxd8 9. h3 Be7 10. Nc3 Nh4 11. Nxh4
Bxh4 12. Re1 b6 13. g4 Be7 14. Be3 Bd7 15. Rad1 Kc8 16. Ne2
Re8 17. Nf4 Bf8 18. Bc1 g6 19. Re2 Bg7 20. Rde1 Kb7 21. e6
fxe6 22. Nxe6 Bf6 23. c3 c5 24. Bf4 Bxe6 25. Rxe6 Rf8 26. R1e4
Rf7 27. g5 Bd8 28. h4 b5 29. c4 bxc4 30. Be3 Rb8 31. Bxc5 Kc8
32. Bd4 Rb5 33. Rc6 Kd7 34. Rxc4 c6 35. a4 Rb3 36. Bxa7 Rxb2
37. Bd4 Rd2 38. Be3 Rd5 39. Rb4 Bc7 40. Kg2 Rf8 41. Rb7 c5
42. a5 Kc6 43. a6 Ra8 44. Re6+ Bd6 45. Rxh7 Rxa6 46. Rxg6 c4
47. Rg8 Rf5 48. g6 Be5 49. g7 1-0

[Event "London Chess Classic GCT Finals"]
[Site "London ENG"]
[Date "2018.12.13"]
[EventDate "2018.12.11"]
[Round "1.5"]
[Result "0-1"]
[White "Levon Aronian"]
[Black "Maxime Vachier-Lagrave"]
[WhiteElo "2765"]
[BlackElo "2781"]
[PlyCount "110"]

1. e4 c5 2. Nf3 d6 3. Bb5+ Nd7 4. c3 Nf6 5. Bd3 Ne5 6. Be2
Nxf3+ 7. Bxf3 e5 8. d4 Be7 9. O-O O-O 10. Be3 b6 11. Nd2 Qc7
12. Re1 Bd7 13. a4 a6 14. b4 cxd4 15. cxd4 Rfc8 16. h3 b5
17. axb5 Bxb5 18. Nb3 Qc2 19. d5 Qxd1 20. Rexd1 Rc4 21. Na5
Rxb4 22. Rdc1 Ra4 23. Nc6 Rxa1 24. Rxa1 Kf8 25. g3 Bd3 26. Bg5
h6 27. Bxf6 Bxf6 28. Ra3 Bb5 29. Bg4 Bd8 30. h4 Bb6 31. Rf3
Be2 32. Rb3 Bxf2+ 33. Kxf2 Bxg4 34. Ra3 Bd7 35. Na5 Ke7
36. Rc3 Rc8 37. Rb3 Bb5 38. Rb2 Rc3 39. Nb3 g6 40. g4 Rh3
41. Nd2 Rxh4 42. Kg3 Rh1 43. Rc2 Kd7 44. Nf3 Rb1 45. Nd2 Rb4
46. Kf3 a5 47. Ke3 a4 48. Ra2 Ke7 49. Ra1 Bd7 50. Kf3 h5
51. gxh5 gxh5 52. Ra3 f5 53. exf5 Bxf5 54. Nf1 Be4+ 55. Ke2
Bxd5 0-1

[Event "London Chess Classic GCT Finals"]
[Site "London ENG"]
[Date "2018.12.13"]
[EventDate "2018.12.11"]
[Round "1.6"]
[Result "1-0"]
[White "Maxime Vachier-Lagrave"]
[Black "Levon Aronian"]
[WhiteElo "2781"]
[BlackElo "2765"]
[PlyCount "103"]

1. e4 g6 2. d4 Bg7 3. Nf3 d6 4. Bc4 e6 5. Bb3 Ne7 6. c3 b6
7. O-O Bb7 8. Re1 Nd7 9. Nbd2 O-O 10. Nf1 c5 11. Ng3 Qc7
12. Bg5 Nc6 13. Qd2 Rac8 14. Bh6 Na5 15. Bxg7 Kxg7 16. Rad1
Nxb3 17. axb3 Nf6 18. e5 dxe5 19. dxe5 Ng8 20. Ng5 Rcd8
21. Qf4 Rd5 22. c4 Rd7 23. h4 Rfd8 24. Rd6 Rxd6 25. exd6 Rxd6
26. Nxf7 Rd7 27. Ne5 Rd4 28. Qg5 Qe7 29. Nf3 Qxg5 30. Nxg5 Bc8
31. Nxe6+ Bxe6 32. Rxe6 Kf7 33. Re4 Rd1+ 34. Kh2 Rd2 35. Re2
Rd3 36. Re3 Rd2 37. Re2 Rd4 38. Ne4 h6 39. Kg3 Ne7 40. Kf3 Nf5
41. g3 Rd3+ 42. Kf4 Rxb3 43. g4 Nxh4 44. Nd6+ Kf6 45. Ne8+ Kf7
46. Nd6+ Kf8 47. Ke5 Ke7 48. f4 Nf3+ 49. Kd5+ Kd7 50. Nf7 Nd4
51. Rh2 Rd3 52. Ne5+ 1-0

[Event "London Chess Classic GCT Finals"]
[Site "London ENG"]
[Date "2018.12.13"]
[EventDate "2018.12.11"]
[Round "1.7"]
[Result "1-0"]
[White "Levon Aronian"]
[Black "Maxime Vachier-Lagrave"]
[WhiteElo "2765"]
[BlackElo "2781"]
[PlyCount "75"]

1. e4 c5 2. Nf3 d6 3. Bb5+ Nd7 4. c3 Nf6 5. Bd3 Ne5 6. Be2
Nxf3+ 7. Bxf3 e5 8. d4 Be7 9. dxe5 dxe5 10. Qxd8+ Bxd8 11. Nd2
Be6 12. Be2 Bc7 13. f3 Ke7 14. a4 h5 15. h4 Rhd8 16. Nc4 Ne8
17. Be3 b6 18. Bf2 f6 19. O-O g6 20. Rfc1 Nd6 21. Ne3 f5
22. Nd5+ Bxd5 23. exd5 c4 24. Be3 Kd7 25. Rab1 Rf8 26. b3 f4
27. Bf2 e4 28. fxe4 Rae8 29. bxc4 Nxe4 30. c5 Nxc3 31. Rxc3
Rxe2 32. d6 Bd8 33. c6+ Kc8 34. a5 Rxf2 35. Kxf2 Rf5 36. c7
Bxh4+ 37. Kf3 Rd5 38. axb6 1-0

[Event "London Chess Classic GCT Finals"]
[Site "London ENG"]
[Date "2018.12.13"]
[EventDate "2018.12.11"]
[Round "1.8"]
[Result "1-0"]
[White "Maxime Vachier-Lagrave"]
[Black "Levon Aronian"]
[WhiteElo "2781"]
[BlackElo "2765"]
[PlyCount "131"]

1. e4 e6 2. d4 d5 3. e5 c5 4. c3 Bd7 5. Nf3 Qb6 6. a3 Bb5
7. dxc5 Bxc5 8. Bxb5+ Qxb5 9. b4 Bb6 10. a4 Qc4 11. a5 Qe4+
12. Qe2 Qxe2+ 13. Kxe2 Bc7 14. c4 Ne7 15. Bg5 Nbc6 16. Bxe7
Kxe7 17. cxd5 exd5 18. Nc3 Rhd8 19. Rhd1 d4 20. Nb5 Bxe5
21. Nxe5 Nxe5 22. Nxd4 Rac8 23. a6 bxa6 24. Rxa6 Ke8 25. Ra5
f6 26. f4 Ng6 27. g3 Rd7 28. Nf5 Rc2+ 29. Ke1 Rdc7 30. Rd2
Rc1+ 31. Ke2 Ne7 32. Nd6+ Kf8 33. Nb5 Rc8 34. Rxa7 Nc6 35. Rb7
Re8+ 36. Kf3 Nd8 37. Rc7 Rf1+ 38. Kg2 Rb1 39. Nd6 Re7 40. Rxe7
Kxe7 41. Nf5+ Ke8 42. Nxg7+ Ke7 43. Nf5+ Ke8 44. Re2+ Kf8
45. Nd6 Nc6 46. b5 Nd4 47. Re8+ Kg7 48. Re7+ Kg6 49. g4 Rb2+
50. Kf1 h5 51. h3 Nf3 52. Nf5 hxg4 53. hxg4 Nh2+ 54. Ke1 Nxg4
55. Nd6 Nh2 56. Re2 Rb1+ 57. Kd2 Nf3+ 58. Kc3 Kh5 59. Rb2 Rxb2
60. Kxb2 Kg4 61. b6 Nd4 62. Kc3 Nc6 63. f5 Kf4 64. Kc4 Ke5
65. Kc5 Nd8 66. Nf7+ 1-0

[Event "Bundesliga 2018/19"]
[Site "?"]
[Date "2019.03.24"]
[EventDate "2019.??.??"]
[Round "13.1"]
[Result "1-0"]
[White "Maxime Vachier-Lagrave"]
[Black "Marcin Dziuba"]
[WhiteElo "2775"]
[BlackElo "2558"]
[PlyCount "59"]

1. Nf3 d5 2. g3 c6 3. Bg2 Bg4 4. O-O Nd7 5. h3 Bh5 6. d4 e6
7. c4 Bd6 8. Qb3 Qb6 9. Nc3 Qxb3 10. axb3 a6 11. e4 Ne7
12. exd5 exd5 13. Re1 Kd8 14. cxd5 Nxd5 15. Nxd5 cxd5 16. g4
Bg6 17. Bd2 Rc8 18. Ba5+ b6 19. Bc3 a5 20. Ne5 Nf6 21. f4 Bxe5
22. dxe5 Ne4 23. Bd4 f5 24. exf6 Nxf6 25. Bxb6+ Kd7 26. f5 Rb8
27. Bc5 Rb5 28. b4 axb4 29. Re7+ Kc6 30. Bd4 1-0

[Event "Bundesliga 2018/19"]
[Site "?"]
[Date "2019.04.06"]
[EventDate "2019.??.??"]
[Round "14.1"]
[Result "1-0"]
[White "Maxime Vachier-Lagrave"]
[Black "Pentala Harikrishna"]
[WhiteElo "2773"]
[BlackElo "2723"]
[PlyCount "131"]

1. e4 c5 2. Nf3 e6 3. d4 cxd4 4. Nxd4 Nc6 5. Nc3 Qc7 6. Be3 a6
7. Qf3 Nf6 8. O-O-O Ne5 9. Qg3 b5 10. a3 Bb7 11. Bxb5 Rc8
12. Ba4 Nxe4 13. Nxe4 Bxe4 14. Bf4 Qa5 15. Bxe5 Qxa4 16. Rd2
f6 17. Bd6 Kf7 18. Re1 Bg6 19. Ree2 e5 20. b3 Qa5 21. Qh3 Rd8
22. b4 Qa4 23. Qb3+ Qxb3 24. Nxb3 Bf5 25. Nc5 Be7 26. Nb7 Ra8
27. Bxe7 Kxe7 28. f4 Rab8 29. Nd6 Be6 30. fxe5 f5 31. h4 g6
32. Rf2 Rhf8 33. Rd3 Rb6 34. Kb2 Rc6 35. Rg3 Rb8 36. Rc3 Bd5
37. Rxc6 Bxc6 38. Kc3 a5 39. Kc4 axb4 40. axb4 Ke6 41. Re2 f4
42. b5 Ba8 43. Kd4 h6 44. c4 g5 45. hxg5 hxg5 46. c5 Bd5
47. Rc2 Ra8 48. c6 dxc6 49. bxc6 Ra4+ 50. Kd3 Kxe5 51. c7 Be6
52. Nc4+ Kf6 53. Nb6 Ra3+ 54. Kd4 Bg4 55. Rc6+ Kf7 56. Nc4 Ra4
57. Kc5 Ke7 58. Rg6 Ra2 59. Rxg5 Bc8 60. Rg8 Be6 61. Rg6 Bc8
62. Nd6 Ra5+ 63. Kb4 Re5 64. Nxc8+ Kd7 65. Nd6 Kxc7 66. Nb5+
1-0

[Event "Bundesliga 2018/19"]
[Site "?"]
[Date "2019.04.07"]
[EventDate "2019.??.??"]
[Round "15.1"]
[Result "0-1"]
[White "Jan Timman"]
[Black "Maxime Vachier-Lagrave"]
[WhiteElo "2549"]
[BlackElo "2773"]
[PlyCount "66"]

1. d4 Nf6 2. c4 g6 3. Nc3 d5 4. Bf4 Bg7 5. e3 dxc4 6. Bxc4 O-O
7. Nf3 Nbd7 8. h3 c5 9. O-O cxd4 10. exd4 Nb6 11. Bb3 Nbd5
12. Bg5 Nxc3 13. bxc3 Ne4 14. Re1 Nxg5 15. Nxg5 e6 16. Ne4 Bd7
17. d5 exd5 18. Bxd5 Qc7 19. Qb3 Bc6 20. Rad1 Bxd5 21. Rxd5
Rfe8 22. Re3 Re7 23. Rc5 Qd7 24. Rd5 Qc6 25. Rc5 Qe8 26. Qc4
Rd8 27. g3 Qd7 28. Kg2 h6 29. Qb3 b6 30. Rb5 Qc6 31. Rb4 Kh8
32. Kh2 f5 33. Ng5 Rd2 0-1

[Event "Grand Prix Riga"]
[Site "Riga LAT"]
[Date "2019.07.13"]
[EventDate "2019.07.12"]
[Round "1.2"]
[Result "1/2-1/2"]
[White "David Navara"]
[Black "Maxime Vachier-Lagrave"]
[WhiteElo "2734"]
[BlackElo "2775"]
[PlyCount "92"]

1. e4 c5 2. Nf3 d6 3. Bb5+ Nd7 4. c3 Nf6 5. Bd3 e6 6. Bc2 b5
7. d4 Bb7 8. Qe2 a6 9. O-O Be7 10. Bf4 O-O 11. Nbd2 Rc8
12. Rac1 Re8 13. e5 Nd5 14. Bg3 dxe5 15. dxe5 c4 16. Ne4 Nc5
17. h4 Nd3 18. Bxd3 cxd3 19. Qxd3 Nf4 20. Qe3 Qd3 21. Rfe1
Qxe3 22. Rxe3 Nd3 23. Rb1 Bxe4 24. Rxe4 Red8 25. h5 Rd5
26. Kf1 b4 27. cxb4 Nxb4 28. a3 Nd3 29. Rd4 Rxd4 30. Nxd4 Rc4
31. Nf3 Rc2 32. Rd1 Nxb2 33. Rd7 Rc1+ 34. Ne1 Kf8 35. Bf4 Rc8
36. h6 g5 37. Be3 Nc4 38. Nf3 g4 39. Nh2 Nxe5 40. Ra7 Bc5
41. Bxc5+ Rxc5 42. Rxa6 Rc1+ 43. Ke2 Rc2+ 44. Kf1 Rc1+ 45. Ke2
Rc2+ 46. Kf1 Rc1+ 1/2-1/2